[Event "XXX Memorial Edoardo Crespi A"]
[Site "Milano ITA"]
[Date "2009.12.06"]
[Round "2"]
[White "Dvirnyy, Danyyil"]
[Black "Codenotti, Marco"]
[Result "1-0"]
[WhiteElo "2461"]
[BlackElo "2118"]
[PlyCount "101"]
[EventDate "2009.12.05"]

1. d4 Nf6 2. c4 g6 3. Nc3 d5 4. Nf3 Bg7 5. Bg5 Ne4 6. cxd5 Nxg5 7. Nxg5 e6 8.
Qd2 exd5 9. Qe3+ Kf8 10. Qf4 Qf6 11. Qxc7 Na6 12. Qg3 Nb4 13. Rc1 Bf5 14. e3
Bh6 15. h4 Nc2+ 16. Kd2 Nxd4 17. exd4 Qxd4+ 18. Ke1 f6 19. Qd6+ Kg8 20. Qxd5+
Qxd5 21. Nxd5 fxg5 22. Rc7 Re8+ 23. Be2 Bg7 24. Ne7+ Kf8 25. Nxf5 gxf5 26. hxg5
Re7 27. Rc8+ Re8 28. Rxe8+ Kxe8 29. Bd3 f4 30. Ke2 h6 31. g6 Ke7 32. Kf3 Rd8
33. Be4 Rd2 34. Rc1 Bxb2 35. Rc7+ Rd7 36. Rc2 Be5 37. Kg4 Kf6 38. Rc8 Kg7 39.
Kf5 Rc7 40. Re8 Bd6 41. Bd5 Bf8 42. Rd8 b6 43. f3 Re7 44. Kxf4 Re2 45. Kf5 Re7
46. g4 Rc7 47. f4 a5 48. a4 Ra7 49. Rb8 Rd7 50. Be6 Rc7 51. Ke4 1-0

[Event "XXX Memorial Edoardo Crespi A"]
[Site "Milano ITA"]
[Date "2009.12.06"]
[Round "2"]
[White "Feuerstack, Aljoscha"]
[Black "Brunello, Roberta"]
[Result "1-0"]
[WhiteElo "2373"]
[BlackElo "2016"]
[PlyCount "51"]
[EventDate "2009.12.05"]

1. e4 e5 2. Bc4 Bc5 3. Nc3 Nf6 4. d3 h6 5. f4 d6 6. f5 c6 7. Qf3 Nbd7 8. Nge2
b5 9. Bb3 Bb7 10. g4 Nb6 11. h4 Ng8 12. Ng3 Qe7 13. g5 O-O-O 14. f6 gxf6 15.
gxh6 Kb8 16. Qh5 Qf8 17. Nf5 Rh7 18. Bd2 Bc8 19. O-O-O Be6 20. Ne2 Nc8 21. d4
Bb6 22. Rhg1 Nce7 23. Bxe6 fxe6 24. Rg7 exf5 25. Rxh7 f4 26. Rh8 1-0

[Event "XXX Memorial Edoardo Crespi A"]
[Site "Milano ITA"]
[Date "2009.12.06"]
[Round "2"]
[White "Garano, Nicola"]
[Black "Astengo, Corrado"]
[Result "1-0"]
[WhiteElo "2189"]
[BlackElo "2110"]
[PlyCount "93"]
[EventDate "2009.12.05"]

1. e4 c6 2. d4 d5 3. Nd2 dxe4 4. Nxe4 Bf5 5. Ng3 Bg6 6. Nh3 e6 7. Nf4 Bd6 8.
Ngh5 Bxf4 9. Nxf4 Nf6 10. Bc4 Nbd7 11. h4 e5 12. Nxg6 hxg6 13. Bg5 Qe7 14. O-O
O-O 15. Qe2 Rae8 16. Rfe1 e4 17. Rad1 Qd6 18. Bb3 Nd5 19. c4 Nb4 20. Qg4 Qe6
21. Qxe6 Rxe6 22. d5 cxd5 23. cxd5 Re5 24. Bf4 Rf5 25. Bd6 Nd3 26. Bxf8 Nxe1
27. Ba3 Nd3 28. f3 N3e5 29. fxe4 Rf4 30. Bc2 Rxh4 31. Bd6 f6 32. Bxe5 fxe5 33.
Ba4 Nb6 34. d6 Rxe4 35. d7 Nxd7 36. Bb3+ Kh7 37. Rxd7 Rb4 38. Rd5 Re4 39. Kf2
b6 40. Kf3 Rf4+ 41. Ke3 Rg4 42. Rd2 Kh6 43. Bd5 Rb4 44. b3 b5 45. a3 Rg4 46.
Be4 Rg3+ 47. Bf3 1-0

[Event "XXX Memorial Edoardo Crespi A"]
[Site "Milano ITA"]
[Date "2009.12.06"]
[Round "2"]
[White "Loehnhardt, Benjamin"]
[Black "Magrini, Fabrizio"]
[Result "1-0"]
[WhiteElo "2076"]
[BlackElo "2146"]
[PlyCount "147"]
[EventDate "2009.12.05"]

1. e4 c5 2. Nf3 d6 3. d4 cxd4 4. Nxd4 Nf6 5. Nc3 a6 6. Be2 e5 7. Nb3 Be7 8. O-O
O-O 9. Be3 Be6 10. Qd2 Nbd7 11. f4 exf4 12. Bxf4 Ne5 13. Nd4 Qb6 14. Kh1 Rfd8
15. Nxe6 fxe6 16. Rad1 Rac8 17. Qc1 Qa5 18. Bd2 Qc5 19. Be3 Qc6 20. Bd3 b5 21.
Rfe1 Nfg4 22. Bg1 Qe8 23. Ne2 Qh5 24. Nf4 Qh6 25. Nh3 Qh4 26. Qd2 Nc4 27. Bxc4
Rxc4 28. c3 Ne5 29. Qe2 g5 30. Bf2 Qg4 31. Bg3 Qxe2 32. Rxe2 Nf7 33. Nf2 h5 34.
h3 Rdc8 35. Nd3 a5 36. a3 Bf8 37. h4 e5 38. Rf1 Be7 39. Be1 Kg7 40. g3 Rf8 41.
Nc1 gxh4 42. gxh4 Nh6 43. Rxf8 Kxf8 44. Nb3 Bd8 45. Nd2 Rc7 46. Rf2+ Kg7 47.
Rf3 Ng4 48. Nf1 Kg6 49. Kg2 Rf7 50. Rxf7 Kxf7 51. Kf3 Ke6 52. Ne3 Nxe3 53. Kxe3
a4 54. Kd3 d5 55. Bf2 Kd6 56. Bg3 Bf6 57. Bf2 Kc6 58. Bg3 dxe4+ 59. Kxe4 Kc5
60. Kd3 Kd5 61. Bf2 Bd8 62. Bg3 Bb6 63. Be1 e4+ 64. Kc2 Ke5 65. b3 Kf4 66. c4
bxc4 67. bxa4 Kf3 68. a5 Bd4 69. a6 Ke2 70. Bc3 Ba7 71. Bb4 Kf1 72. Kc3 Kg2 73.
Kxc4 Kh3 74. Be1 1-0

[Event "XXX Memorial Edoardo Crespi A"]
[Site "Milano ITA"]
[Date "2009.12.06"]
[Round "2"]
[White "Ocantos, Manuel"]
[Black "Farago, Ivan"]
[Result "0-1"]
[WhiteElo "2161"]
[BlackElo "2497"]
[PlyCount "77"]
[EventDate "2009.12.05"]

1. d4 Nf6 2. Nf3 e6 3. c4 b6 4. g3 Ba6 5. Qc2 Bb4+ 6. Bd2 Be7 7. Bg2 c6 8. Ne5
O-O 9. O-O d5 10. cxd5 cxd5 11. Re1 Qd6 12. Nc3 Rc8 13. Qa4 b5 14. Qb3 b4 15.
Na4 Nc6 16. Nxc6 Qxc6 17. Bxb4 Rab8 18. Nc5 Bxe2 19. Qc3 Qb5 20. Ba3 Bxc5 21.
dxc5 Nd7 22. Qe3 Bd3 23. Red1 Bg6 24. Bf1 Qa4 25. Rd4 Qc6 26. b4 e5 27. Rd2 d4
28. Qe2 d3 29. Rxd3 Bxd3 30. Qxd3 e4 31. Qa6 Qd5 32. Be2 Ne5 33. b5 Nd3 34. Rd1
Qxa2 35. Bxd3 exd3 36. b6 axb6 37. Qxd3 b5 38. Bb4 h6 39. Qd6 0-1

[Event "XXX Memorial Edoardo Crespi A"]
[Site "Milano ITA"]
[Date "2009.12.06"]
[Round "2"]
[White "Piscopo, Pierluigi"]
[Black "Pienabarca, Nicola"]
[Result "1-0"]
[WhiteElo "2429"]
[BlackElo "2071"]
[PlyCount "79"]
[EventDate "2009.12.05"]

1. e4 e5 2. Nf3 Nc6 3. Bc4 Bc5 4. O-O Nf6 5. d4 exd4 6. e5 d5 7. exf6 dxc4 8.
Re1+ Be6 9. fxg7 Rg8 10. Bg5 Be7 11. Bxe7 Kxe7 12. Re4 Rxg7 13. Nxd4 Nxd4 14.
Rxd4 Qg8 15. g3 Rg4 16. Nc3 Rd8 17. Nd5+ Kf8 18. Nf4 Rxd4 19. Qxd4 Qg5 20. Qh8+
Qg8 21. Qf6 Rxf4 22. Qxf4 Qg6 23. Rd1 Qxc2 24. Qd4 Kg8 25. Qd8+ Kg7 26. Qg5+
Qg6 27. Qe5+ Qf6 28. Qxf6+ Kxf6 29. f4 Ke7 30. Kf2 c3 31. bxc3 Bxa2 32. Ra1 Bd5
33. Rxa7 Kd6 34. Ke3 Kc5 35. Ra4 Be6 36. Ra8 Kc4 37. Kd2 Bf5 38. Rf8 Bg6 39. f5
Bh5 40. Rh8 1-0

[Event "XXX Memorial Edoardo Crespi A"]
[Site "Milano ITA"]
[Date "2009.12.06"]
[Round "2"]
[White "Profumo, Alberto"]
[Black "Barberi, Alessandro"]
[Result "1-0"]
[WhiteElo "2223"]
[BlackElo "2098"]
[PlyCount "73"]
[EventDate "2009.12.05"]

1. Nf3 g6 2. d4 Bg7 3. g3 d6 4. Bg2 Nd7 5. c4 e5 6. e4 h6 7. Nc3 Ne7 8. O-O O-O
9. Be3 f5 10. Qd2 fxe4 11. Nxe4 Nf5 12. dxe5 Nxe5 13. Nxe5 dxe5 14. Qe2 Nd4 15.
Bxd4 exd4 16. Nc5 Re8 17. Qd3 Bf5 18. Be4 Bxe4 19. Nxe4 Qd7 20. Rae1 Qf5 21. f3
c5 22. g4 Qf4 23. Nxc5 Re3 24. Qxg6 Rae8 25. Qxe8+ Rxe8 26. Rxe8+ Kf7 27. Re2
Qc7 28. Ne4 Be5 29. f4 Bg7 30. c5 d3 31. Rd2 Bd4+ 32. Kg2 Bxc5 33. Rxd3 Qc6 34.
Kf3 Be7 35. Rf2 Qa6 36. Rd7 Qxa2 37. Re2 1-0

[Event "XXX Memorial Edoardo Crespi A"]
[Site "Milano ITA"]
[Date "2009.12.06"]
[Round "2"]
[White "Ranfagni, Stefano"]
[Black "Foisor, Cristina-Adela"]
[Result "0-1"]
[WhiteElo "2014"]
[BlackElo "2440"]
[PlyCount "86"]
[EventDate "2009.12.05"]

1. e4 g6 2. d4 c6 3. Nc3 d5 4. e5 h5 5. Nf3 Bg4 6. Bd3 e6 7. h3 Bxf3 8. Qxf3
Nd7 9. Qg3 Ne7 10. Bg5 Qb6 11. Ne2 Nf5 12. Bxf5 gxf5 13. Qb3 c5 14. Qxb6 axb6
15. c3 h4 16. O-O Be7 17. Bxe7 Kxe7 18. Nf4 Rhc8 19. dxc5 bxc5 20. Rfe1 Ra4 21.
Nd3 Rca8 22. a3 d4 23. cxd4 Rxd4 24. Rad1 c4 25. Nb4 Rxd1 26. Rxd1 Nxe5 27. Rd4
Rd8 28. Rxd8 Kxd8 29. Kf1 Ke7 30. Ke2 f4 31. Kd2 Kd6 32. Kc3 Kc5 33. f3 f5 34.
Nc2 Nc6 35. a4 Ne7 36. b4+ cxb3 37. Kxb3 Nd5 38. a5 e5 39. Ka4 e4 40. Ne1 Kc4
41. Nc2 Kc3 42. Na3 e3 43. Nb5+ Kd3 0-1

[Event "XXX Memorial Edoardo Crespi A"]
[Site "Milano ITA"]
[Date "2009.12.06"]
[Round "2"]
[White "Ricci, Marco"]
[Black "Facchetti, Gianni"]
[Result "1/2-1/2"]
[WhiteElo "2081"]
[BlackElo "2162"]
[PlyCount "145"]
[EventDate "2009.12.05"]

1. e4 e5 2. Nf3 Nc6 3. Bb5 Bc5 4. O-O Nf6 5. c3 O-O 6. d4 Bb6 7. Bg5 h6 8. Bh4
d6 9. Bxc6 bxc6 10. dxe5 dxe5 11. Nbd2 Re8 12. Qc2 Bg4 13. h3 Bh5 14. g4 Bg6
15. Rfe1 Qc8 16. Bg3 Nd7 17. Nh4 Nf8 18. Nc4 f6 19. Nxg6 Nxg6 20. Ne3 Qe6 21.
Nf5 Rad8 22. Kg2 Rd7 23. Rad1 Red8 24. b3 Nf8 25. Qe2 Kh7 26. Ne3 Bxe3 27. fxe3
Rxd1 28. Rxd1 Rxd1 29. Qxd1 Qd6 30. Qxd6 cxd6 31. c4 Kg8 32. Be1 Kf7 33. Bb4
Ke7 34. c5 Ne6 35. cxd6+ Kd7 36. h4 c5 37. Ba3 Kxd6 38. Kf3 Kc6 39. Ke2 Nc7 40.
Bb2 Nb5 41. Kd3 a6 42. Bc3 Nd6 43. Ba5 Nb7 44. Bc3 Kb5 45. g5 h5 46. gxf6 gxf6
47. Be1 Nd6 48. a4+ Kc6 49. Ba5 f5 50. exf5 e4+ 51. Kd2 Nxf5 52. Bd8 Kd5 53.
Bg5 Nd6 54. Kc3 Nf7 55. Bf6 Nh6 56. b4 Ng4 57. Bg5 Ne5 58. Bf6 cxb4+ 59. Kxb4
Nc6+ 60. Kc3 Na5 61. Kb4 Nc6+ 62. Kc3 Kc5 63. Bg7 a5 64. Bf8+ Kd5 65. Bg7 Ne7
66. Bf6 Nf5 67. Bd8 Nxe3 68. Bxa5 Nf5 69. Bd8 Kc5 70. a5 Kb5 71. Kd2 Nxh4 72.
Ke3 Nf5+ 73. Kxe4 1/2-1/2

[Event "XXX Memorial Edoardo Crespi A"]
[Site "Milano ITA"]
[Date "2009.12.06"]
[Round "2"]
[White "Salmoiraghi, Angelo"]
[Black "Drazic, Sinisa"]
[Result "0-1"]
[WhiteElo "2150"]
[BlackElo "2519"]
[PlyCount "116"]
[EventDate "2009.12.05"]

1. d4 d5 2. c4 dxc4 3. e3 Be6 4. Na3 Nf6 5. Nf3 Bd5 6. Nxc4 e6 7. Be2 Nbd7 8.
O-O c5 9. b3 Be7 10. Bb2 O-O 11. Rc1 Rc8 12. Nce5 b6 13. Rc2 cxd4 14. Rxc8 Qxc8
15. Qxd4 Rd8 16. Rd1 h6 17. Rc1 Qb7 18. Nxd7 Rxd7 19. Qa4 Rc7 20. Rxc7 Qxc7 21.
Ne1 Ne4 22. Bd3 Bc6 23. Qc4 Nd6 24. Qg4 Ne8 25. Qd1 Bf6 26. Bxf6 Nxf6 27. h3 g5
28. Be2 Qe5 29. Bf3 Bd5 30. Bxd5 Nxd5 31. Nf3 Qb2 32. Qd2 Qxd2 33. Nxd2 Kg7 34.
Nb1 f5 35. Kf1 h5 36. Ke2 Kf6 37. Kd2 f4 38. Nc3 fxe3+ 39. fxe3 Ke5 40. Nd1 Nf6
41. Kd3 g4 42. hxg4 Nxg4 43. Ke2 Nf6 44. Nf2 Ne4 45. Nd1 Kf5 46. Kd3 h4 47. b4
Ke5 48. Ke2 b5 49. Kd3 Kd5 50. Nb2 Nf2+ 51. Ke2 Ng4 52. Kd3 Ne5+ 53. Ke2 Nc6
54. a3 Ne5 55. Nd3 Nxd3 56. Kxd3 Ke5 57. Ke2 Ke4 58. Kd2 Ke5 0-1

[Event "XXX Memorial Edoardo Crespi A"]
[Site "Milano ITA"]
[Date "2009.12.06"]
[Round "2"]
[White "Salvador, Roland"]
[Black "Brunello, Marina"]
[Result "1/2-1/2"]
[WhiteElo "2491"]
[BlackElo "2158"]
[PlyCount "114"]
[EventDate "2009.12.05"]

1. d4 d5 2. Nf3 Nf6 3. c4 e6 4. Nc3 Be7 5. e3 O-O 6. Bd3 dxc4 7. Bxc4 a6 8. O-O
b5 9. Bb3 Bb7 10. Qe2 c5 11. Rd1 Qb6 12. a4 b4 13. a5 Qc7 14. Na4 Nc6 15. Nb6
Rad8 16. Nc4 cxd4 17. exd4 Rd5 18. Qc2 Qd8 19. Bf4 Nxd4 20. Nxd4 Rxd4 21. Nb6
Rxd1+ 22. Rxd1 Nd5 23. Bxd5 Bxd5 24. Qe2 Bf6 25. b3 Qe7 26. Qxa6 Bxb3 27. Rd7
Qc5 28. Bd6 Qc1+ 29. Qf1 Qxf1+ 30. Kxf1 Rd8 31. Bxb4 Rxd7 32. Nxd7 Bd4 33. Ke1
Bc4 34. f3 f6 35. Kd2 Bb5 36. Bc5 Bxd7 37. Bxd4 Kf7 38. Kc3 Bc6 39. Bc5 e5 40.
Kc4 Ke6 41. Bf8 g5 42. Kc5 Bd5 43. a6 e4 44. fxe4 Bxe4 45. g3 g4 46. Bh6 Bg2
47. a7 Bh1 48. Kb6 Kd7 49. Bg7 Bg2 50. Bxf6 Bh1 51. Bg7 Bg2 52. Bh6 Bh1 53. Kc5
Bg2 54. Kd4 Ke6 55. Ke3 Kf5 56. Kf2 Ba8 57. Bc1 Bb7 1/2-1/2

[Event "XXX Memorial Edoardo Crespi A"]
[Site "Milano ITA"]
[Date "2009.12.06"]
[Round "2"]
[White "Sbarra, Marco"]
[Black "Skembris, Spyridon"]
[Result "1/2-1/2"]
[WhiteElo "2256"]
[BlackElo "2475"]
[PlyCount "76"]
[EventDate "2009.12.05"]

1. d4 d5 2. c4 c6 3. Nc3 Nf6 4. e3 g6 5. Nf3 Bg7 6. Qb3 O-O 7. Bd2 dxc4 8. Bxc4
Nbd7 9. O-O Nb6 10. Be2 Be6 11. Qc2 Bc4 12. Rfd1 Bxe2 13. Nxe2 Qd5 14. Nc3 Qh5
15. e4 Rad8 16. h3 e5 17. dxe5 Nfd7 18. Bf4 Rde8 19. a4 Nxe5 20. Bxe5 Bxe5 21.
a5 Nc8 22. Rd7 b6 23. axb6 axb6 24. Nxe5 Qxe5 25. Qa4 b5 26. Qb4 Nb6 27. Rb7
Nc4 28. Ra6 Ra8 29. Rba7 Rxa7 30. Rxa7 Qd4 31. Ra6 Qd2 32. Rxc6 Qe1+ 33. Kh2
Qxf2 34. Nd5 Nd2 35. Qc3 Nf1+ 36. Kh1 Ng3+ 37. Kh2 Nf1+ 38. Kh1 Ng3+ 1/2-1/2

[Event "XXX Memorial Edoardo Crespi A"]
[Site "Milano ITA"]
[Date "2009.12.06"]
[Round "2"]
[White "Shishkin, Vadim"]
[Black "Rota, Simone"]
[Result "1-0"]
[WhiteElo "2515"]
[BlackElo "1992"]
[PlyCount "121"]
[EventDate "2009.12.05"]

1. d4 d5 2. c4 e6 3. Nf3 c6 4. Nc3 Nf6 5. Bg5 Nbd7 6. cxd5 exd5 7. e3 Be7 8.
Qc2 O-O 9. Bd3 Re8 10. O-O Nf8 11. Rae1 Bg4 12. Ne5 Bh5 13. Bf5 Bg6 14. Nxg6
hxg6 15. Bd3 Ne6 16. Bh4 Nh5 17. Bxe7 Qxe7 18. Qd2 Nf6 19. f3 c5 20. dxc5 Nxc5
21. Bc2 Rad8 22. Nb5 a6 23. Nd4 Ncd7 24. Re2 Ne5 25. b3 Qc5 26. Rd1 Rc8 27. Qe1
Qc3 28. Bb1 Qxe1+ 29. Rexe1 Rc3 30. Kf2 Rec8 31. Ne2 R3c5 32. h4 Nc6 33. Rd2
Nb4 34. Red1 Nc2 35. Bxc2 Rxc2 36. Nf4 b5 37. g4 Rxd2+ 38. Rxd2 Rc1 39. Kg2 Rc3
40. g5 Ne8 41. Nxd5 Rc1 42. Nb4 a5 43. Rd8 axb4 44. Rxe8+ Kh7 45. Re5 Rc2+ 46.
Kg3 Rxa2 47. Rxb5 Re2 48. e4 Re1 49. Rxb4 Rg1+ 50. Kf2 Rh1 51. e5 Rh2+ 52. Ke3
Kg8 53. Rf4 Rb2 54. b4 Rb3+ 55. Kd2 Rb2+ 56. Kc3 Re2 57. b5 Rxe5 58. b6 Re7 59.
Rb4 Rb7 60. Kc4 Kf8 61. Kc5 1-0

[Event "XXX Memorial Edoardo Crespi A"]
[Site "Milano ITA"]
[Date "2009.12.06"]
[Round "2"]
[White "Stromboli, Carlo"]
[Black "Malaniuk, Vladimir P."]
[Result "0-1"]
[WhiteElo "2272"]
[BlackElo "2573"]
[PlyCount "158"]
[EventDate "2009.12.05"]

1. e4 e5 2. Nf3 Nc6 3. d4 exd4 4. Bc4 Nf6 5. O-O Nxe4 6. Re1 d5 7. Bxd5 Qxd5 8.
Nc3 Qa5 9. Nxe4 Be6 10. Neg5 O-O-O 11. Nxe6 fxe6 12. Rxe6 h6 13. Qe2 Qf5 14. a3
d3 15. cxd3 Qxd3 16. Qxd3 Rxd3 17. Bd2 g5 18. Bc3 Rh7 19. Re8+ Rd8 20. Rae1 Rf7
21. h3 Rxe8 22. Rxe8+ Kd7 23. Re4 Rf5 24. h4 Bd6 25. hxg5 hxg5 26. Bd2 Be7 27.
Rg4 Ne5 28. Nxe5+ Rxe5 29. Kf1 Rd5 30. Bc3 c5 31. Ke2 b5 32. f4 b4 33. axb4
cxb4 34. Bd2 gxf4 35. Bxf4 a5 36. Bd2 Rb5 37. b3 a4 38. bxa4 b3 39. Bc3 b2 40.
Bxb2 Rxb2+ 41. Kd3 Bd6 42. Kc3 Ra2 43. Kb3 Ra3+ 44. Kb2 Kc6 45. Rd4 Rg3 46. Rd2
Bb4 47. Re2 Kd5 48. a5 Bxa5 49. Rf2 Bc3+ 50. Kb3 Bd4+ 51. Rf3 Rg8 52. g4 Rb8+
53. Kc2 Kc4 54. g5 Rb2+ 55. Kd1 Rg2 56. g6 Kd5 57. g7 Ke4 58. Rb3 Bxg7 59. Kc1
Be5 60. Kd1 Kd4 61. Rf3 Bg7 62. Ke1 Ke4 63. Rb3 Bh6 64. Kd1 Be3 65. Ra3 Rd2+
66. Ke1 Kf3 67. Rb3 Rd8 68. Ra3 Rh8 69. Kd1 Rc8 70. Ra1 Rc7 71. Rb1 Rc3 72. Ke1
Rd3 73. Ra1 Bf2+ 74. Kf1 Bd4 75. Re1 Bc3 76. Rc1 Bb2 77. Rb1 Rd7 78. Kg1 Rg7+
79. Kh2 Rh7+ 0-1

[Event "XXX Memorial Edoardo Crespi A"]
[Site "Milano ITA"]
[Date "2009.12.06"]
[Round "2"]
[White "Sullolari, Saip"]
[Black "Iudicello, Giovanni"]
[Result "1-0"]
[WhiteElo "2106"]
[BlackElo "2179"]
[PlyCount "157"]
[EventDate "2009.12.05"]

1. e4 e5 2. Nf3 Nc6 3. Bb5 a6 4. Ba4 Nf6 5. O-O Be7 6. Re1 b5 7. Bb3 d6 8. h3
O-O 9. c3 Na5 10. Bc2 c5 11. d4 Nd7 12. dxe5 dxe5 13. Nbd2 Bb7 14. Nf1 Nc4 15.
Ne3 Nxe3 16. Bxe3 Qc7 17. b3 Rfd8 18. Qe2 Bc6 19. Bc1 Nf8 20. Bb2 Ne6 21. g3
Bf6 22. Rad1 Qb7 23. c4 Nd4 24. Bxd4 cxd4 25. Bd3 b4 26. Nh2 g6 27. f4 Bg7 28.
Rf1 f6 29. fxe5 fxe5 30. Ng4 Rf8 31. Rxf8+ Rxf8 32. Rf1 Rxf1+ 33. Kxf1 a5 34.
Nf2 Qe7 35. h4 Bd7 36. Qf3 Be6 37. Kg2 Qf8 38. Qxf8+ Bxf8 39. Be2 Kf7 40. Bg4
Bxg4 41. Nxg4 Ke6 42. Nf2 h5 43. Kf3 Be7 44. Nd3 Kd6 45. Ke2 Bf6 46. Kd2 g5 47.
hxg5 Bxg5+ 48. Ke2 Be7 49. Ne1 Bd8 50. Nf3 Bf6 51. Nh2 Kc6 52. g4 hxg4 53. Nxg4
Bg7 54. Nf2 Kd6 55. Nd3 Bf8 56. Kf3 Ke6 57. Kg4 Be7 58. Nb2 Bf8 59. Kg5 Be7+
60. Kg6 Bf8 61. Nd3 Bd6 62. Kg7 Ke7 63. Kg6 Ke6 64. Kg5 Be7+ 65. Kg4 Bf8 66.
Nb2 Bd6 67. Na4 Be7 68. Kf3 Kd6 69. Ke2 Kc6 70. Nb2 Kd6 71. Nd1 Bh4 72. Nb2 Be7
73. Nd3 Bf8 74. Nf2 Kc6 75. Kd3 Kd6 76. Nh1 Be7 77. Ng3 Kc6 78. Ne2 Bf6 79. Ng1
1-0

[Event "XXX Memorial Edoardo Crespi A"]
[Site "Milano ITA"]
[Date "2009.12.06"]
[Round "2"]
[White "Tomba, Ivan"]
[Black "Sumets, Andrey"]
[Result "0-1"]
[WhiteElo "2283"]
[BlackElo "2621"]
[PlyCount "70"]
[EventDate "2009.12.05"]

1. e4 e6 2. d3 d5 3. Nd2 Nf6 4. Ngf3 Nc6 5. e5 Nd7 6. d4 f6 7. Bb5 Be7 8. O-O
fxe5 9. dxe5 O-O 10. Re1 Nc5 11. Nf1 a6 12. Bxc6 bxc6 13. Ng3 Bd7 14. Nd4 Qe8
15. f4 Bh4 16. Qg4 Bxg3 17. hxg3 Ne4 18. Nb3 h5 19. Qf3 Qg6 20. Kh2 Qh7 21. Qd3
Be8 22. Nd4 Qg6 23. Nb3 c5 24. c4 Rd8 25. Rxe4 Qxe4 26. Qxe4 dxe4 27. Nxc5 Rd1
28. Nxe4 Bc6 29. Nc3 Rf1 30. Rb1 Rf2 31. Be3 Rxg2+ 32. Kh3 Rc2 33. Bc5 Rb8 34.
Nd1 Rxc4 35. b4 Rxc5 0-1

[Event "XXX Memorial Edoardo Crespi A"]
[Site "Milano ITA"]
[Date "2009.12.06"]
[Round "2"]
[White "Tonel, Giulia"]
[Black "Vezzosi, Paolo"]
[Result "0-1"]
[WhiteElo "1967"]
[BlackElo "2363"]
[PlyCount "68"]
[EventDate "2009.12.05"]

1. e4 c6 2. d4 d5 3. e5 Bf5 4. Nc3 e6 5. g4 Bg6 6. Nge2 f6 7. Nf4 fxe5 8. Nxg6
hxg6 9. dxe5 Nd7 10. Bf4 Qb6 11. Qd3 O-O-O 12. O-O-O Qxf2 13. Be3 Qf7 14. Bxa7
Nxe5 15. Qd4 Bd6 16. Be2 g5 17. Rhf1 Nf6 18. Rf2 Qe7 19. Qa4 Nfd7 20. Rg2 Rdf8
21. Bd4 Bc5 22. Qa8+ Kc7 23. Qa5+ Kb8 24. Na4 Bxd4 25. Rxd4 Rf4 26. Rxf4 gxf4
27. Rf2 f3 28. Bf1 Qg5+ 29. Qd2 Qxg4 30. Nc3 Rf8 31. h3 Qh4 32. b3 Nc5 33. Qe3
Qf4 34. Kd2 d4 0-1

[Event "XXX Memorial Edoardo Crespi A"]
[Site "Milano ITA"]
[Date "2009.12.06"]
[Round "2"]
[White "Tramalloni, Luca"]
[Black "Nicolo', Filippo"]
[Result "1/2-1/2"]
[WhiteElo "2143"]
[BlackElo "2062"]
[PlyCount "78"]
[EventDate "2009.12.05"]

1. d4 f5 2. Nc3 d5 3. Bg5 g6 4. h4 Bg7 5. e3 h6 6. Bf4 Nf6 7. Qf3 Kf7 8. Be2
Be6 9. Qg3 c6 10. Nh3 Nbd7 11. h5 Nxh5 12. Bxh5 gxh5 13. Bc7 Qg8 14. Nf4 Bf6
15. Nxh5 Qxg3 16. Bxg3 Rag8 17. Ne2 Ke8 18. Nxf6+ Nxf6 19. Be5 Kf7 20. Nf4 Rh7
21. Bxf6 Kxf6 22. g3 Bf7 23. Nd3 e6 24. Kd2 Be8 25. Ne5 h5 26. Rh4 Rgh8 27.
Rah1 Kg7 28. Ke2 Kf6 29. R1h2 Kg7 30. Kf3 Kf6 31. Kf4 Rg8 32. f3 Rhg7 33. g4
hxg4 34. fxg4 fxg4 35. Rxg4 Ke7 36. Rxg7+ Rxg7 37. c3 Kd8 38. Nd3 Ke7 39. Ne5
Kd8 1/2-1/2

[Event "XXX Memorial Edoardo Crespi A"]
[Site "Milano ITA"]
[Date "2009.12.06"]
[Round "2"]
[White "Zanetti, Alberto"]
[Black "Radice, Luca"]
[Result "1-0"]
[WhiteElo "2180"]
[BlackElo "2088"]
[PlyCount "103"]
[EventDate "2009.12.05"]

1. f4 d5 2. Nf3 Nf6 3. e3 Bg4 4. b3 Nbd7 5. Bb2 e6 6. Be2 Bxf3 7. Bxf3 Bd6 8.
O-O c6 9. c4 Qe7 10. Nc3 dxc4 11. bxc4 e5 12. Qc2 O-O 13. Rae1 Rfe8 14. d4 e4
15. Be2 h5 16. h3 g6 17. a4 Qf8 18. Ra1 Qh6 19. Ba3 Bc7 20. Rab1 b6 21. h4 Ng4
22. Bxg4 hxg4 23. g3 f5 24. Kg2 Nf6 25. a5 Qg7 26. Qa4 Qd7 27. Rfd1 Red8 28. a6
Qe6 29. Rb2 Rd7 30. Rbd2 Rad8 31. Kf2 Kg7 32. Bb2 Kg8 33. Ke2 Nh5 34. Kf2 Nf6
35. Qa2 Qf7 36. Ba3 Kg7 37. Bb2 Kg8 38. Ba1 Bd6 39. d5 cxd5 40. Nxd5 Nxd5 41.
Rxd5 Bc5 42. Qb2 Qh7 43. Rxd7 Rxd7 44. Rxd7 Qxd7 45. Qh8+ Kf7 46. Qg7+ Ke8 47.
Qxg6+ Kd8 48. Qg8+ Kc7 49. Be5+ Bd6 50. Qd5 Bxe5 51. Qxe5+ Kd8 52. Qd5 1-0

[Event "XXX Memorial Edoardo Crespi A"]
[Site "Milano ITA"]
[Date "2009.12.06"]
[Round "3"]
[White "Barberi, Alessandro"]
[Black "Salmoiraghi, Angelo"]
[Result "0-1"]
[WhiteElo "2098"]
[BlackElo "2150"]
[PlyCount "48"]
[EventDate "2009.12.05"]

1. d4 d5 2. Nf3 Nf6 3. e3 Bf5 4. c4 e6 5. Qb3 Qc8 6. Nc3 c6 7. Bd2 Bd6 8. Rc1
O-O 9. Nh4 Bg6 10. Nxg6 hxg6 11. cxd5 exd5 12. g3 Re8 13. Bg2 Qd7 14. O-O Na6
15. f3 Bf8 16. Na4 Rac8 17. Rfd1 b5 18. Nc5 Nxc5 19. dxc5 Qc7 20. e4 dxe4 21.
fxe4 Nxe4 22. Be3 Rcd8 23. Kh1 Rxd1+ 24. Qxd1 Nxg3+ 0-1

[Event "XXX Memorial Edoardo Crespi A"]
[Site "Milano ITA"]
[Date "2009.12.06"]
[Round "3"]
[White "Bonazzi, Edoardo"]
[Black "Borin, Fabio"]
[Result "1/2-1/2"]
[WhiteElo "2193"]
[BlackElo "2104"]
[PlyCount "30"]
[EventDate "2009.12.05"]

1. Nf3 d6 2. c4 Nc6 3. g3 e5 4. Nc3 f5 5. d3 Nf6 6. Bg2 Be7 7. O-O O-O 8. Rb1
Qe8 9. Bg5 Bd8 10. b4 Qh5 11. b5 Nd4 12. Bxf6 Bxf6 13. Nd5 Ne6 14. e3 Bd8 15.
Nd2 Qh6 1/2-1/2

[Event "XXX Memorial Edoardo Crespi A"]
[Site "Milano ITA"]
[Date "2009.12.06"]
[Round "3"]
[White "Bove, Alessandro"]
[Black "Shishkin, Vadim"]
[Result "0-1"]
[WhiteElo "2337"]
[BlackElo "2515"]
[PlyCount "56"]
[EventDate "2009.12.05"]

1. e4 c5 2. Nf3 Nc6 3. d4 cxd4 4. Nxd4 Nf6 5. Nc3 d6 6. Bc4 e6 7. Be3 Be7 8.
Qe2 a6 9. Bb3 Qc7 10. O-O-O Na5 11. g4 b5 12. g5 Nxb3+ 13. axb3 Nd7 14. Kb1 b4
15. Na4 Nc5 16. Qc4 Bd7 17. Qxb4 Nxa4 18. bxa4 Rb8 19. Qa3 g6 20. Rd3 O-O 21.
f3 Rfc8 22. Rc1 e5 23. Ne2 Be6 24. Rc3 Bc4 25. Qa1 d5 26. exd5 Bb4 27. b3 Bxc3
28. Nxc3 Bxb3 0-1

[Event "XXX Memorial Edoardo Crespi A"]
[Site "Milano ITA"]
[Date "2009.12.06"]
[Round "3"]
[White "Brunello, Marina"]
[Black "Zanetti, Alberto"]
[Result "1-0"]
[WhiteElo "2158"]
[BlackElo "2180"]
[PlyCount "129"]
[EventDate "2009.12.05"]

1. e4 c5 2. c3 e6 3. d4 d5 4. e5 Qb6 5. Nf3 Bd7 6. a3 Bb5 7. c4 Bxc4 8. Bxc4
dxc4 9. d5 exd5 10. Qxd5 Ne7 11. Qxc4 Qa6 12. Qe4 Nd7 13. Nbd2 Qc6 14. Qe2 Nf5
15. Nc4 O-O-O 16. O-O h6 17. b4 Kb8 18. Na5 Qc7 19. Qe4 g6 20. h3 Ng7 21. Be3
Ne6 22. Rab1 cxb4 23. axb4 Nb6 24. Nd4 Nxd4 25. Bxd4 Bg7 26. Rbc1 Qd7 27. Rfd1
Qd5 28. Qe2 Qe6 29. Qf3 Qd5 30. Bxb6 Qxf3 31. Bc7+ Ka8 32. gxf3 Rxd1+ 33. Rxd1
b6 34. Nb3 Re8 35. f4 f6 36. Re1 Bf8 37. Rc1 fxe5 38. Bxe5 Bxb4 39. Rc7 Re7 40.
Rxe7 Bxe7 41. Kf1 Kb7 42. Ke2 Kc6 43. Kd3 Kd5 44. Nd4 Bc5 45. Bg7 a6 46. f3 b5
47. Nb3 Bb6 48. Bxh6 a5 49. Bf8 a4 50. Nc1 Bc5 51. Bxc5 Kxc5 52. h4 Kd5 53. Na2
Ke6 54. Ke4 Kf6 55. f5 gxf5+ 56. Kf4 Ke6 57. h5 Kf6 58. h6 Kg6 59. h7 Kxh7 60.
Kxf5 Kg7 61. Ke6 Kf8 62. f4 a3 63. f5 Ke8 64. f6 Kf8 65. f7 1-0

[Event "XXX Memorial Edoardo Crespi A"]
[Site "Milano ITA"]
[Date "2009.12.06"]
[Round "3"]
[White "Brunello, Roberta"]
[Black "Tomba, Ivan"]
[Result "0-1"]
[WhiteElo "2016"]
[BlackElo "2283"]
[PlyCount "80"]
[EventDate "2009.12.05"]

1. e4 e6 2. d4 d5 3. e5 c5 4. c3 Nc6 5. Nf3 Bd7 6. a3 f6 7. b4 cxd4 8. cxd4
fxe5 9. Nxe5 Nxe5 10. dxe5 a5 11. Bd3 Qh4 12. bxa5 Bc5 13. Ra2 Nh6 14. h3 O-O
15. O-O Nf7 16. Qe2 Bd4 17. Nd2 Nxe5 18. Nb3 Bxf2+ 19. Rxf2 Qxf2+ 20. Qxf2 Rxf2
21. Bxh7+ Kxh7 22. Rxf2 Nd3 23. Rc2 Ba4 24. Rc3 Nxc1 25. Nxc1 Rxa5 26. Ne2 e5
27. Rc7 Bc6 28. Re7 d4 29. Kf2 d3 30. Nc3 Rxa3 31. Nd1 Ra1 32. Ne3 Ra2+ 33. Kf1
e4 34. g3 Kg6 35. Re6+ Kf7 36. Rd6 Re2 37. Nd1 Rh2 38. Nf2 d2 39. Ke2 Bb5+ 40.
Ke3 Rxf2 0-1